• 首页
  • 本馆介绍
  • 公告通知
  • 最新文献
  • 馆藏检索
  • 电子资源
  • 读者导购
  • 参考咨询
  • 我的图书馆
  • 登录
  • 详细信息显示
  • 放入我的书架
  • 预约/预借图书
  • 作者相关作品
  • 分类相关作品
  • 丛书相关作品
  • 出版社相关作品

书目信息

  • 表格格式
  • 工作单格式
  • 卡片格式
题名:
科技编辑工作概论
    
 
作者: 罗见龙 , 王耀先 主编
分册:  
出版信息: 北京   科学出版社  1984
页数: 229页
开本: 20cm
丛书名:
单 册:
中图分类: G232 , G213
科图分类:
主题词: 科学技术-文献-编辑工作 , 文献-科学技术-编辑工作 , 编辑工作-科学技术-文献 , 新闻学 , 新闻工作
电子资源:
ISBN:
000 00841nam0 2200313 45
001 0184006063
005 20040427104624.9
010    @dCNY1.40
091    @a17031.193
100    @a19951016d1984 em y0chiy0121 ea
101 0  @achi
102    @aCN@b110000
105    @ay z 000yy
106    @ar
200 10 @a科技编辑工作概论@Ake ji bian ji gong zuo gai lun@f罗见龙,王耀先主编
210    @a北京@c科学出版社@d1984
215    @a229页@d20cm
606    @a科学技术-文献-编辑工作
606    @a文献-科学技术-编辑工作
606    @a编辑工作-科学技术-文献
606 0  @a新闻学
606 0  @a新闻工作
690    @aG232@v3
690    @aG213
701  0 @a罗见龙@4主编@Aluo jian long
701  0 @a王耀先@4主编@Awang yao xian
801  0 @aCN@b深圳图书馆@c20040427
801  2 @aCN@bNLC@c20040427
905    @f3@b119722-724@dG213@e29
    
    科技编辑工作概论/罗见龙,王耀先主编.-北京:科学出版社,1984
    229页;20cm
    
    
    ISBN :CNY1.40
    
●
相关链接 在E读中查询图书 在五车中查询图书 在当当中查询图书 在豆瓣中查询图书


正题名:科技编辑工作概论     索取号:G213/29         预约/预借

序号 登录号 条形码 馆藏地/架位号 状态 备注
1 0119722   000495119   第一样本阅览室/ [索取号:G213/29] 在馆    
2 0119723   000495128   密集书库/ [索取号:G213/29] 在馆    
3 0119724   000495137   密集书库/ [索取号:G213/29] 在馆    
4 0119725   001743064   密集书库/ [索取号:G213/29] 在馆    
5 0119726   001743037   密集书库/ [索取号:G213/29] 在馆    
6 0119727   001743046   密集书库/ [索取号:G213/29] 在馆    
7 0119728   001743126   密集书库/ [索取号:G213/29] 在馆    
唐山师范学院图书馆 欢迎您!
大连网信软件有限公司© 版权所有